书目信息 |
| 题名: |
可编程序控制器及其应用
|
|
| 作者: | 吕景泉 主编 ;孙海维 , 仁兆香 , 郭利霞光 参编 ;中国机械工业教育协会 组编 | |
| 分册: | ||
| 出版信息: | 北京 机械工业出版社 2001.08 |
|
| 页数: | 224页 | |
| 开本: | 26cm | |
| 丛书名: | 21世纪高职高专系列教材 | |
| 单 册: | ||
| 中图分类: | TM571.6 , TP332.3 | |
| 科图分类: | ||
| 主题词: | 可编程序控制器--Ke Bian Cheng Xu Kong Zhi Qi--高等学校--技术学校--教材 , CT--S043435--可编程序控制器--Ke Bian Cheng Xu Kong Zhi Qi , 电子数字计算机 | |
| 电子资源: | ||
| ISBN: | 7-111-08399-7 | |
| 000 | 01493nam 2200385 450 | |
| 001 | 1357 | |
| 005 | 20050606094735.30 | |
| 010 | @a7-111-08399-7@dCNY 22.00 | |
| 099 | @aCAL 012003136677 | |
| 100 | @a20030908d2001 em y0chiy0121 ea | |
| 101 | 0 | @achi |
| 102 | @aCN@b110000 | |
| 105 | @aak a 000yy | |
| 200 | 1 | @a可编程序控制器及其应用@Ake bian cheng xu kong zhi qi ji qi ying yong@f中国机械工业教育协会组编@g主编吕景泉@g参编孙海维, 仁兆香, 郭利霞光 |
| 210 | @a北京@c机械工业出版社@d2001.08 | |
| 215 | @a224页@c图@d26cm | |
| 225 | 2 | @a21世纪高职高专系列教材@A21 Shi Ji Gao Zhi Gao Zhuan Xi Lie Jiao Cai |
| 306 | @a版权页误为2002年5月第1版 | |
| 320 | @a有书目 | |
| 330 | @a本书是根据高等职业技术教学要求编写的,主要内容涉及可编程序控制器 (PLG) 的基本原理、控制指令、编程方法、系统设计、现场维护及众多工程应用实例。 | |
| 410 | 0 | @12001 @a21世纪高职高专系列教材 |
| 606 | 0 | @a可编程序控制器@AKe Bian Cheng Xu Kong Zhi Qi@x高等学校@x技术学校@j教材 |
| 606 | 0 | @2CT@3S043435@a可编程序控制器@AKe Bian Cheng Xu Kong Zhi Qi |
| 606 | 0 | @a电子数字计算机 |
| 690 | @aTM571.6@v4 | |
| 690 | @aTP332.3@v3 | |
| 701 | 0 | @a吕景泉@Alv jing quan@4主编 |
| 702 | 0 | @a孙海维@ASun Hai Wei@4参编 |
| 702 | 0 | @a仁兆香@ARen Zhao Xiang@4参编 |
| 702 | 0 | @a郭利霞光@AGuo Li Xia Guang@4参编 |
| 712 | 02 | @a中国机械工业教育协会@AZhong Guo Ji Xie Gong Ye Jiao Yu Xie Hui@4组编 |
| 801 | 0 | @aCN@bSEU@c20050606 |
| 905 | @a10447@dTP332.3@eZ563 | |
| 906 | @dCNY22.00@n0@r1 | |
| 998 | @aSEU | |
| 可编程序控制器及其应用/中国机械工业教育协会组编/主编吕景泉/参编孙海维, 仁兆香, 郭利霞光.-北京:机械工业出版社,2001.08 |
| 224页:图;26cm.-(21世纪高职高专系列教材) |
| ISBN 7-111-08399-7:CNY 22.00 |
| 本书是根据高等职业技术教学要求编写的,主要内容涉及可编程序控制器 (PLG) 的基本原理、控制指令、编程方法、系统设计、现场维护及众多工程应用实例。 |
| ● |
| 相关链接 |
|
|
|
正题名:可编程序控制器及其应用
索取号:TP332.3/Z563
 
预约/预借
| 序号 | 登录号 | 条形码 | 馆藏地/架位号 | 状态 | 备注 |
| 1 | 530105 | 205301056 | 自科库301/301自科库 61排5列3层/ [索取号:TP332.3/Z563] | 在馆 | |
| 2 | 530106 | 205301065 | 自科库301/301自科库 61排5列3层/ [索取号:TP332.3/Z563] | 在馆 |